000 00409nam a2200145Ia 4500
008 210210b1967 xxu||||| |||| 00| 0 eng d
082 _a629.4 SARE
100 _aSARABHAI (Vikram) and others.
245 _aExploration in space.
260 _aDelhi
_bPublication Division Ministry of Information & Broadcasting
_c1967
300 _a40
650 _aSpace exploration
690 _aAstronomy
906 _a032808
999 _c83943
_d83943